LEADER 04750nam 22006615 450 001 9910731487003321 005 20230609083619.0 010 $a3-031-30858-1 024 7 $a10.1007/978-3-031-30858-1 035 $a(MiAaPQ)EBC30591355 035 $a(Au-PeEL)EBL30591355 035 $a(DE-He213)978-3-031-30858-1 035 $a(PPN)27226282X 035 $a(CKB)26895836200041 035 $a(EXLCZ)9926895836200041 100 $a20230609d2023 u| 0 101 0 $aeng 135 $aurcnu|||||||| 181 $ctxt$2rdacontent 182 $cc$2rdamedia 183 $acr$2rdacarrier 200 10$aGasotransmitters Signaling in Plant Abiotic Stress $eGasotransmitters in Adaptation of Plants to Abiotic Stress /$fedited by Mehar Fatma, Zebus Sehar, Nafees A. Khan 205 $a1st ed. 2023. 210 1$aCham :$cSpringer International Publishing :$cImprint: Springer,$d2023. 215 $a1 online resource (230 pages) 225 1 $aSignaling and Communication in Plants,$x1867-9056 311 08$aPrint version: Fatma, Mehar Gasotransmitters Signaling in Plant Abiotic Stress Cham : Springer International Publishing AG,c2023 9783031308574 320 $aIncludes bibliographical references. 327 $aGasotransmitters signaling in plants under abiotic stress: An overview -- Influence of gasotransmitters on the physiology of plants with respect to abiotic stress tolerance -- Gasotransmitters and omics for abiotic stress tolerance in plants -- Advancement in the biology of gasotransmitters: H2S, NO, and ethylene -- Hydrogen sulfide: An evolving gasotransmitter regulating salinity and drought stress response in plants -- Ethylene synthesis and redox homeostasis in plants: Recent advancement -- Nitric oxide and cellular redox homeostasis in plants -- The function of hydrogen sulfide in plant responses to salinity and drought: new insights -- Hydrogen peroxide and its role in abiotic stress tolerance in plants -- Interaction of ethylene and H2S in plant stress management. 330 $aThis book deals with the gasotransmitters signaling in redox reactions and homeostasis for the adaptation of plants to unfavorable abiotic stress environments. There are lots of interesting chapters in this book that cover both research and educational objectives. This book serves as a reference illustrated book for all who are interested in the regulation of gasotransmitters and redox homeostasis in agriculture. Maintenance of redox homeostasis strengthens the potentiality of plants to resist abiotic stress conditions through the enhanced antioxidant system and the subsequent impact on other signaling molecules. The book presents novel outcomes and implications in plant biology concerning the study of different types of gasotransmitters signaling such as nitric oxide (NO), ethylene, hydrogen sulfide (H2S), etc. under diverse abiotic stresses in one place. The chapters of the book discuss the recent progress and current perspectives on the role of gasotransmitters relevance to plant functions and adaptations to abiotic stresses, the influence of gasotransmitters on the physiology of plants with respect to abiotic stress tolerance, gasotransmitters and omics for abiotic stress tolerance, advancement in the biology of gasotransmitters in regulating salinity and drought stress response in plants, new insights of gasotransmitters and cellular redox homeostasis in plants and the chapter also deliberate the emerging role of gasotransmitters in regulating redox homeostasis for plant stress management. This book is the first comprehensive book covering all aspects and advancements in the biology of gasotransmitters in redox homeostasis conferring different abiotic stress tolerance, from which readers from all backgrounds can get benefitted. This book will appeal to researchers, students, scientific societies, agriculturists, etc. 410 0$aSignaling and Communication in Plants,$x1867-9056 606 $aBotany 606 $aAgriculture 606 $aPlants 606 $aStress (Physiology) 606 $aPlant Science 606 $aAgriculture 606 $aPlant Signalling 606 $aPlant Stress Responses 615 0$aBotany. 615 0$aAgriculture. 615 0$aPlants. 615 0$aStress (Physiology) 615 14$aPlant Science. 615 24$aAgriculture. 615 24$aPlant Signalling. 615 24$aPlant Stress Responses. 676 $a572.82 702 $aFatma$b Mehar 702 $aSehar$b Zebus 702 $aKhan$b Nafees A. 801 0$bMiAaPQ 801 1$bMiAaPQ 801 2$bMiAaPQ 906 $aBOOK 912 $a9910731487003321 996 $aGasotransmitters Signaling in Plant Abiotic Stress$93394546 997 $aUNINA